[Event "Olympiad-36"]
[Site "Mallorca"]
[Date "2004.10.23"]
[Round "8"]
[White "Guillen Ramirez, Jose Antonio"]
[Black "Van Hoolandt, Patrick"]
[Result "1/2-1/2"]
[WhiteElo "2301"]
[BlackElo "2269"]
[PlyCount "160"]
[EventDate "2004.10.15"]
[EventType "team-swiss"]
[EventRounds "14"]
[EventCountry "ESP"]
[SourceTitle "CBM 104"]
[Source "ChessBase"]
[SourceDate "2005.01.27"]
[SourceVersion "1"]
[SourceVersionDate "2005.01.27"]
[SourceQuality "1"]
[WhiteTeam "Honduras"]
[BlackTeam "Monaco"]
[WhiteTeamCountry "HON"]
[BlackTeamCountry "MNC"]

1. e4 e5 2. Nf3 Nc6 3. Bb5 Nf6 4. 0-0 Nxe4 5. d4 Nd6 6. Bxc6 dxc6 7. dxe5 Nf5 8. Qe2 Nd4 9. Nxd4 Qxd4 10. Rd1 Bg4 11. Rxd4 Bxe2 12. Nc3 Bh5 13. Be3 Rd8 14. Rxd8+ Kxd8 15. f4 Bb4 16. Ne4 Re8 17. c3 Bf8 18. Bc5 Bxc5+ 19. Nxc5 b6 20. Nd3 Be2 21. Kf2 Bxd3 22. Rd1 Ke7 23. Rxd3 h5 24. b4 Ra8 25. c4 a5 26. Ra3 a4 27. Ke3 Ke6 28. Ke4 g6 29. g3 Rd8 30. Rxa4 Rd2 31. Ra7 Kd7 32. h3 Rc2 33. Kd4 Rd2+ 34. Ke3 Rg2 35. Kf3 Rc2 36. f5 gxf5 37. Kf4 Rxc4+ 38. Kxf5 Rxb4 39. Ra8 Rb2 40. h4 c5 41. Rf8 Ke7 42. Rc8 Kd7 43. Rf8 Ke7 44. Rc8 Rf2+ 45. Ke4 Kd7 46. Rh8 Re2+ 47. Kf4 c4 48. Rh7 Ke7 49. Rh6 b5 50. Rc6 Kd7 51. Rc5 c6 52. a4 bxa4 53. Rxc4 a3 54. Ra4 Ke6 55. Rxa3 Rxe5 56. g4 hxg4 57. Kxg4 Kf6 58. Ra4 c5 59. h5 Rg5+ 60. Kh4 Rd5 61. Ra6+ Kg7 62. Rc6 Rd4+ 63. Kg5 Rd5+ 64. Kg4 f6 65. h6+ Kxh6 66. Rxf6+ Kg7 67. Rc6 Kf7 68. Kf4 Ke7 69. Ke4 Rh5 70. Kd3 Kd7 71. Rg6 Rh4 72. Kc3 Kc7 73. Rf6 Rd4 74. Rh6 Rd6 75. Rxd6 Kxd6 76. Kc4 Kc6 77. Kc3 Kd5 78. Kd3 c4+ 79. Kc3 Kc5 80. Kc2 Kb4 1/2-1/2

[Event "Olympiad-36"]
[Site "Mallorca"]
[Date "2004.10.16"]
[Round "2"]
[White "Sharavdorj, Dashzeveg"]
[Black "Guillen Ramirez, Jose Antonio"]
[Result "1-0"]
[WhiteElo "2466"]
[BlackElo "2301"]
[PlyCount "103"]
[EventDate "2004.10.15"]
[EventType "team-swiss"]
[EventRounds "14"]
[EventCountry "ESP"]
[SourceTitle "CBM 104"]
[Source "ChessBase"]
[SourceDate "2005.01.27"]
[SourceVersion "1"]
[SourceVersionDate "2005.01.27"]
[SourceQuality "1"]
[WhiteTeam "Mongolia"]
[BlackTeam "Honduras"]
[WhiteTeamCountry "MGL"]
[BlackTeamCountry "HON"]

1. d4 e6 2. c4 f5 3. g3 Nf6 4. Bg2 c6 5. Qc2 d5 6. Nh3 Be7 7. 0-0 0-0 8. Nd2 Na6 9. a3 Nc7 10. Nf3 Bd7 11. Nf4 Nce8 12. Nd3 Nd6 13. b3 Be8 14. Ng5 Bd7 15. Nf3 Be8 16. Bb2 Nfe4 17. Nfe5 Kh8 18. Rae1 Bf6 19. c5 Bxe5 20. Nxe5 Nf7 21. Nd3 Qe7 22. f3 Nf6 23. Qd2 Kg8 24. b4 a6 25. Nf2 Rd8 26. e4 fxe4 27. fxe4 dxe4 28. Nxe4 Nxe4 29. Rxe4 Ng5 30. Rxf8+ Kxf8 31. Re1 Bh5 32. h4 Nf7 33. Qf4 h6 34. Bh3 g5 35. Qf2 g4 36. Bg2 Bg6 37. d5 Rxd5 38. Bxd5 cxd5 39. Qf4 Bf5 40. Qb8+ Nd8 41. Qe5 Ke8 42. Qh8+ Qf8 43. Qe5 Qe7 44. Bc1 Nc6 45. Qh8+ Kd7 46. Bb2 a5 47. Bf6 Qe8 48. Qg7+ Kc8 49. b5 Nd8 50. c6 bxc6 51. Qa7 cxb5 52. Rc1+ 1-0

[Event "San Jose zt 2.3.c2"]
[Site "San Jose"]
[Date "2004.09.09"]
[Round "6"]
[White "Lievano, Juan"]
[Black "Guillen Ramirez, Jose Antonio"]
[Result "0-1"]
[WhiteElo "2172"]
[BlackElo "2301"]
[PlyCount "120"]
[EventDate "2004.09.05"]
[EventType "swiss"]
[EventRounds "9"]
[EventCountry "CRI"]
[SourceTitle "CBM 102 Extra"]
[Source "ChessBase"]
[SourceDate "2004.11.03"]
[SourceVersion "1"]
[SourceVersionDate "2004.11.03"]
[SourceQuality "1"]

1. d4 Nf6 2. Bg5 e6 3. Nd2 h6 4. Bh4 c5 5. e3 cxd4 6. exd4 Qb6 7. Nc4 Qc6 8. Nf3 Be7 9. Bd3 d6 10. 0-0 Nbd7 11. Ne3 0-0 12. c4 Qc7 13. Rc1 Re8 14. Re1 b6 15. d5 e5 16. Nf5 Bf8 17. Bb1 g6 18. Bxf6 Nxf6 19. Ng3 Bg7 20. b3 Bg4 21. h3 Bd7 22. Nh2 Nh7 23. Ne2 Rf8 24. b4 f5 25. Qb3 Kh8 26. Red1 a5 27. c5 bxc5 28. bxc5 dxc5 29. d6 Qc6 30. Qe3 Rac8 31. Nf3 e4 32. Nh4 Rf6 33. Nf4 Nf8 34. Nd5 Rxd6 35. Ne7 Rxd1+ 36. Rxd1 Qa4 37. Rc1 Re8 38. Nexg6+ Nxg6 39. Nxg6+ Kh7 40. Qg3 Qd4 41. Nf4 Qd6 42. Ne2 Qxg3 43. Nxg3 Bd4 44. Rd1 Kg6 45. Ne2 Rb8 46. Bc2 Rb2 47. Nxd4 cxd4 48. Rxd4 Rxc2 49. Rd6+ Kg5 50. Rxd7 Rxa2 51. g3 a4 52. Ra7 a3 53. Ra6 h5 54. h4+ Kg4 55. Kg2 f4 56. Rg6+ Kf5 57. Rg5+ Kf6 58. gxf4 e3 59. Kf3 exf2 60. Kg2 Rb2 0-1

[Event "San Jose zt 2.3.c2"]
[Site "San Jose"]
[Date "2004.09.08"]
[Round "5"]
[White "Guillen Ramirez, Jose Antonio"]
[Black "Bermudez Vives, Sergio"]
[Result "0-1"]
[WhiteElo "2301"]
[BlackElo "2178"]
[PlyCount "86"]
[EventDate "2004.09.05"]
[EventType "swiss"]
[EventRounds "9"]
[EventCountry "CRI"]
[SourceTitle "CBM 102 Extra"]
[Source "ChessBase"]
[SourceDate "2004.11.03"]
[SourceVersion "1"]
[SourceVersionDate "2004.11.03"]
[SourceQuality "1"]

1. b3 e5 2. Bb2 Nc6 3. e3 d5 4. Bb5 Bd6 5. f4 Qh4+ 6. g3 Qe7 7. Nf3 f6 8. fxe5 fxe5 9. Bxc6+ bxc6 10. Nxe5 Nf6 11. Nxc6 Qe4 12. Rg1 Bg4 13. Nc3 Qg6 14. Ne2 0-0 15. Be5 Qh5 16. Bxd6 Qxh2 17. Rf1 cxd6 18. Rf2 Qh5 19. d3 Rae8 20. Qd2 Rxe3 21. Ncd4 Bxe2 22. Nxe2 Qh1+ 23. Rf1 Qxf1+ 24. Kxf1 Ne4+ 25. Ke1 Nxd2 26. Kxd2 Rfe8 27. Nd4 Rxg3 28. a4 Rg4 29. Nb5 Rg2+ 30. Kc3 a6 31. Nxd6 Rd8 32. Nb7 Rc8+ 33. Kd4 Rcxc2 34. Na5 h5 35. Rh1 Rh2 36. Rxh2 Rxh2 37. Nc6 h4 38. a5 Ra2 39. b4 Kf7 40. Kxd5 Kf6 41. Ne5 h3 42. d4 Kf5 43. Nf3 Kf4 0-1

[Event "San Jose zt 2.3.c2"]
[Site "San Jose"]
[Date "2004.09.06"]
[Round "2"]
[White "Bravo, William"]
[Black "Guillen Ramirez, Jose Antonio"]
[Result "1-0"]
[WhiteElo "2152"]
[BlackElo "2301"]
[PlyCount "69"]
[EventDate "2004.09.05"]
[EventType "swiss"]
[EventRounds "9"]
[EventCountry "CRI"]
[SourceTitle "CBM 102 Extra"]
[Source "ChessBase"]
[SourceDate "2004.11.03"]
[SourceVersion "1"]
[SourceVersionDate "2004.11.03"]
[SourceQuality "1"]

1. d4 Nf6 2. c4 e6 3. Nf3 Bb4+ 4. Bd2 Qe7 5. g3 b6 6. Bg2 Bb7 7. 0-0 Bxd2 8. Qxd2 d6 9. Nc3 Ne4 10. Nxe4 Bxe4 11. Qe3 Bb7 12. Qd3 Nd7 13. Rfd1 f5 14. b4 0-0 15. Rac1 a5 16. a3 axb4 17. axb4 Ra4 18. Ra1 Rxb4 19. Ra7 Be4 20. Qc3 c5 21. Ne1 Bxg2 22. Kxg2 b5 23. dxc5 Rxc4 24. cxd6 Qd8 25. Qb2 Qb6 26. Qa2 f4 27. Nf3 fxg3 28. hxg3 Ne5 29. Qa1 Re4 30. Ra8 Qb7 31. Rxf8+ Kxf8 32. d7 Nxd7 33. Rxd7 Qxd7 34. Qa8+ Ke7 35. Qxe4 1-0

[Event "Managua Sub zt 2.3.2"]
[Site "Managua"]
[Date "2001.07.05"]
[Round "6"]
[White "Guillen Ramirez, Jose Antonio"]
[Black "Pilarte, Rene"]
[Result "1-0"]
[WhiteElo "2302"]
[BlackElo "2252"]
[PlyCount "89"]
[EventDate "2001.06.30"]
[EventType "swiss"]
[EventRounds "9"]
[EventCountry "NCA"]
[SourceTitle "EXT 2002"]
[Source "ChessBase"]
[SourceDate "2001.11.25"]
[SourceVersion "1"]
[SourceVersionDate "2001.11.25"]
[SourceQuality "1"]

1. e4 c5 2. Nf3 e6 3. d4 cxd4 4. Nxd4 Nc6 5. Nb5 d6 6. Bf4 e5 7. Be3 a6 8. N5c3 Be6 9. Nd2 Nf6 10. Nc4 b5 11. Nb6 Rb8 12. Nbd5 Bxd5 13. Nxd5 Nxd5 14. Qxd5 Nb4 15. Qb3 d5 16. a3 d4 17. axb4 dxe3 18. Qxe3 Bxb4+ 19. c3 Ba5 20. Qc5 Qc7 21. Qxc7 Bxc7 22. b4 Rb6 23. Rxa6 Rb7 24. Ra8+ Bb8 25. Ra5 Ke7 26. Bxb5 Bd6 27. Ke2 Rc7 28. Rd1 Rb8 29. Rd3 Rb6 30. Ra6 Rxb5 31. Raxd6 Rxc3 32. Rd7+ Ke8 33. Rd8+ Ke7 34. Rxc3 Kxd8 35. Rc4 Kd7 36. Kd3 f6 37. Kc3 Kd6 38. f3 h6 39. h4 Rb7 40. g4 g5 41. h5 Rb8 42. Kb3 Ra8 43. b5 Ra1 44. Rc6+ Ke7 45. Kb4 1-0